[Event "11th LCC FIDE Open 2019"]
[Site "London"]
[Date "2019.12.04"]
[Round "7.29"]
[White "Hill, Alistair"]
[Black "Ahn, Sungmin"]
[Result "1-0"]
[WhiteElo "2193"]
[BlackElo "1780"]
[Annotator "NA"]
[PlyCount "111"]
[EventDate "2019.11.29"]
[EventType "swiss"]
[EventCountry "ENG"]
[SourceTitle "playchess.com"]
[Source "ChessBase"]
[SourceQuality "1"]
[TimeControl "40/5400+30:1800+30"]

1. e4 {[%emt 0:00:00]} c5 {[%emt 0:00:00]} 2. Nf3 {[%emt 0:00:00]} e6 {[%emt 0:00:00]} 3. c3 {[%emt 0:00:00]} Nf6 {[%emt 0:03:46]} 4. e5 {[%emt 0:00:00]} Nd5 {[%emt 0:02:30]} 5. d4 {[%emt 0:00:00]} cxd4 {[%emt 0:00:13]} 6. cxd4 {[%emt 0:00:03]} b6 {[%emt 0:00:11]} 7. Bd3 {[%emt 0:01:22]} Ba6 {[%emt 0:05:25]} 8. O-O {[%emt 0:01:23]} Qc8 {[%emt 0:02:50]} 9. a3 {[%emt 0:06:52]} Be7 {[%emt 0:01:24]} 10. Re1 {[%emt 0:03:19]} Bxd3 {[%emt 0:00:51]} 11. Qxd3 {[%emt 0:00:02]} d6 {[%emt 0:01:42]} 12. Bg5 {[%emt 0:06:11]} dxe5 {[%emt 0:33:04]} 13. Bxe7 {[%emt 0:00:33]} Kxe7 {[%emt 0:06:52]} 14. dxe5 {[%emt 0:00:59]} h6 {[%emt 0:01:03]} 15. Nbd2 {[%emt 0:26:57]} Qa6 {[%emt 0:00:48]} 16. Qe4 {[%emt 0:01:53]} Nd7 {[%emt 0:02:20]} 17. Nb3 {[%emt 0:09:57]} Rac8 {[%emt 0:06:37]} 18. Rac1 {[%emt 0:02:13]} Rxc1 {[%emt 0:06:10]} 19. Rxc1 {[%emt 0:00:01]} Rc8 {[%emt 0:00:36]} 20. Rxc8 {[%emt 0:00:07]} Qxc8 {[%emt 0:00:08]} 21. g3 {[%emt 0:00:03]} Nc5 {[%emt 0:03:26]} 22. Qc2 {[%emt 0:05:23]} Qc7 {[%emt 0:01:32]} 23. Nbd4 {[%emt 0:03:26]} a5 {[%emt 0:07:30]} 24. Nb5 {[%emt 0:08:47]} Qd7 {[%emt 0:01:03]} 25. Nd6 {[%emt 0:10:10]} Kf8 {[%emt 0:02:51]} 26. Qh7 {[%emt 0:01:10]} Ne7 {[%emt 0:00:13]} 27. b4 {[%emt 0:03:16]} axb4 {[%emt 0:00:59]} 28. axb4 {[%emt 0:00:01]} Nb7 {[%emt 0:00:38]} 29. Ne4 {[%emt 0:05:27]} Ng8 {[%emt 0:04:23]} 30. Ned2 {[%emt 0:00:40]} Qd5 {[%emt 0:02:24]} 31. Qc2 {[%emt 0:00:08]} Ne7 {[%emt 0:01:28]} 32. Qc7 {[%emt 0:00:44]} Qc6 {[%emt 0:00:37]} 33. Qb8+ {[%emt 0:00:03]} Qc8 {[%emt 0:00:12]} 34. Qa7 {[%emt 0:01:12]} Nd5 {[%emt 0:00:26]} 35. Ne4 {[%emt 0:00:33]} Nd8 {[%emt 0:01:59]} 36. b5 {[%emt 0:02:08]} Qb7 {[%emt 0:00:53]} 37. Qa3+ {[%emt 0:00:04]} Kg8 {[%emt 0:00:23]} 38. Nd6 {[%emt 0:00:18]} Qb8 {[%emt 0:00:22]} 39. Nd4 {[%emt 0:00:28]} Kh7 {[%emt 0:00:48]} 40. Qd3+ {[%emt 0:02:38]} Kg8 {[%emt 0:00:08]} 41. Qa3 {[%emt 0:02:36]} Kh7 {[%emt 0:02:58]} 42. h4 {[%emt 0:00:02]} Qc7 {[%emt 0:07:43]} 43. Ne2 {[%emt 0:08:18]} f6 {[%emt 0:05:29]} 44. exf6 {[%emt 0:04:21]} Nxf6 {[%emt 0:01:14]} 45. Nd4 {[%emt 0:03:46]} e5 {[%emt 0:04:04]} 46. Nf3 {[%emt 0:01:44]} e4 {[%emt 0:01:18]} 47. Nxe4 {[%emt 0:00:39]} Nxe4 {[%emt 0:04:11]} 48. Qd3 {[%emt 0:00:02]} Nf7 {[%emt 0:04:19]} 49. Qxe4+ {[%emt 0:00:07]} Kh8 {[%emt 0:00:09]} 50. Kg2 {[%emt 0:02:18]} Qd8 {[%emt 0:01:20]} 51. Nd4 {[%emt 0:02:12]} Nd6 {[%emt 0:02:02]} 52. Qd5 {[%emt 0:00:25]} Qe7 {[%emt 0:00:22]} 53. Nc6 {[%emt 0:03:51]} Qf6 {[%emt 0:01:09]} 54. Ne5 {[%emt 0:00:13]} Kh7 {[%emt 0:00:43]} 55. Nd7 {[%emt 0:01:23]} Qg6 {[%emt 0:00:59]} 56. Nf8+ {[%emt 0:00:10]} 1-0

[Event "11th LCC FIDE Open 2019"]
[Site "London"]
[Date "2019.12.04"]
[Round "7.30"]
[White "Yoon, Jacob D"]
[Black "Brozel, Sacha"]
[Result "1-0"]
[WhiteElo "2037"]
[BlackElo "2188"]
[Annotator "NA"]
[PlyCount "88"]
[EventDate "2019.11.29"]
[EventType "swiss"]
[EventCountry "ENG"]
[SourceTitle "playchess.com"]
[Source "ChessBase"]
[SourceQuality "1"]
[TimeControl "40/5400+30:1800+30"]

1. b3 {[%emt 0:00:00]} a5 {[%emt 0:09:14]} 2. Bb2 {[%emt 0:01:06]} a4 {[%emt 0:01:06]} 3. a3 {[%emt 0:04:00]} axb3 {[%emt 0:06:20]} 4. cxb3 {[%emt 0:00:21]} Nf6 {[%emt 0:00:20]} 5. Nf3 {[%emt 0:02:39]} d5 {[%emt 0:06:13]} 6. d4 {[%emt 0:05:40]} Bf5 {[%emt 0:02:15]} 7. e3 {[%emt 0:00:46]} e6 {[%emt 0:00:43]} 8. Nc3 {[%emt 0:11:59]} Nbd7 {[%emt 0:06:57]} 9. Ne5 {[%emt 0:05:55]} Nxe5 {[%emt 0:05:23]} 10. dxe5 {[%emt 0:00:08]} Nd7 {[%emt 0:00:53]} 11. Ne2 {[%emt 0:04:46]} c5 {[%emt 0:10:47]} 12. Ng3 {[%emt 0:06:39]} Bg6 {[%emt 0:00:11]} 13. f4 {[%emt 0:00:12]} Qa5+ {[%emt 0:16:34]} 14. Kf2 {[%emt 0:03:21]} Rd8 {[%emt 0:01:05]} 15. h4 {[%emt 0:12:07]} h6 {[%emt 0:00:49]} 16. h5 {[%emt 0:02:00]} Bh7 {[%emt 0:00:12]} 17. Bd3 {[%emt 0:04:16]} Bxd3 {[%emt 0:02:34]} 18. Qxd3 {[%emt 0:01:02]} c4 {[%emt 0:01:31]} 19. Qc2 {[%emt 0:08:11]} cxb3 {[%emt 0:06:23]} 20. Qxb3 {[%emt 0:01:52]} Qd2+ {[%emt 0:01:48]} 21. Kf3 {[%emt 0:02:26]} Bc5 {[%emt 0:04:50]} 22. Rhd1 {[%emt 0:05:10]} Qa5 {[%emt 0:00:04]} 23. Ne2 {[%emt 0:02:37]} O-O {[%emt 0:01:29]} 24. Nd4 {[%emt 0:01:20]} Nb6 {[%emt 0:04:13]} 25. Bc3 {[%emt 0:04:25]} Qa6 {[%emt 0:02:47]} 26. Bb4 {[%emt 0:03:23]} Rc8 {[%emt 0:00:27]} 27. Bxc5 {[%emt 0:04:57]} Rxc5 {[%emt 0:00:05]} 28. Qb4 {[%emt 0:02:03]} Rfc8 {[%emt 0:01:37]} 29. g4 {[%emt 0:00:21]} Rc4 {[%emt 0:01:13]} 30. Qe7 {[%emt 0:00:30]} Rc3 {[%emt 0:03:30]} 31. g5 {[%emt 0:00:47]} R3c7 {[%emt 0:00:42]} 32. Qb4 {[%emt 0:00:25]} hxg5 {[%emt 0:00:07]} 33. Rg1 {[%emt 0:00:34]} Qd3 {[%emt 0:02:06]} 34. Qxb6 {[%emt 0:00:30]} Qe4+ {[%emt 0:00:05]} 35. Kg4 {[%emt 0:00:30]} gxf4 {[%emt 0:01:00]} 36. exf4 {[%emt 0:00:15]} f5+ {[%emt 0:01:15]} 37. Kg5 {[%emt 0:00:43]} Rc4 {[%emt 0:00:43]} 38. Qxe6+ {[%emt 0:00:26]} Kh8 {[%emt 0:00:04]} 39. Rad1 {[%emt 0:00:34]} Rf8 {[%emt 0:00:12]} 40. Qb6 {[%emt 0:00:32]} Rc3 {[%emt 0:01:03]} 41. h6 {[%emt 0:13:28]} Rg8 {[%emt 0:03:53]} 42. hxg7+ {[%emt 0:00:56]} Rxg7+ {[%emt 0:01:38]} 43. Kf6 {[%emt 0:00:13]} Rcc7 {[%emt 0:02:05]} 44. Qe6 {[%emt 0:03:37]} Qxd4 {[%emt 0:03:14]} 1-0

[Event "11th LCC FIDE Open 2019"]
[Site "London"]
[Date "2019.12.04"]
[Round "7.31"]
[White "Penna, Tommaso"]
[Black "Abrahams, Daniel"]
[Result "0-1"]
[WhiteElo "2007"]
[BlackElo "2185"]
[Annotator "NA"]
[PlyCount "118"]
[EventDate "2019.11.29"]
[EventType "swiss"]
[EventCountry "ENG"]
[SourceTitle "playchess.com"]
[Source "ChessBase"]
[SourceQuality "1"]
[TimeControl "40/5400+30:1800+30"]

1. e4 {[%emt 0:02:02]} c5 {[%emt 0:00:00]} 2. Nf3 {[%emt 0:00:11]} e6 {[%emt 0:00:00]} 3. d4 {[%emt 0:00:07]} cxd4 {[%emt 0:00:12]} 4. Nxd4 {[%emt 0:00:08]} a6 {[%emt 0:00:13]} 5. Bd3 {[%emt 0:00:16]} Ne7 {[%emt 0:00:20]} 6. O-O {[%emt 0:02:52]} Nbc6 {[%emt 0:00:13]} 7. Nxc6 {[%emt 0:09:28]} Nxc6 {[%emt 0:00:25]} 8. Nc3 {[%emt 0:00:05]} b5 {[%emt 0:00:50]} 9. Re1 {[%emt 0:06:02]} d6 {[%emt 0:00:26]} 10. a4 {[%emt 0:03:32]} b4 {[%emt 0:00:41]} 11. Na2 {[%emt 0:02:31]} Be7 {[%emt 0:01:22]} 12. Bd2 {[%emt 0:00:43]} Rb8 {[%emt 0:02:35]} 13. Qe2 {[%emt 0:06:33]} a5 {[%emt 0:01:44]} 14. Bb5 {[%emt 0:00:55]} Bd7 {[%emt 0:00:08]} 15. c3 {[%emt 0:00:28]} bxc3 {[%emt 0:00:22]} 16. Nxc3 {[%emt 0:00:33]} O-O {[%emt 0:01:32]} 17. Be3 {[%emt 0:06:26]} Qc7 {[%emt 0:01:51]} 18. Rac1 {[%emt 0:00:30]} Rfc8 {[%emt 0:01:55]} 19. Red1 {[%emt 0:10:38]} Nb4 {[%emt 0:04:42]} 20. e5 {[%emt 0:07:54]} d5 {[%emt 0:03:52]} 21. Nxd5 {[%emt 0:03:29]} Bxb5 {[%emt 0:00:17]} 22. Nxe7+ {[%emt 0:08:41]} Qxe7 {[%emt 0:00:07]} 23. Qxb5 {[%emt 0:00:33]} Nd5 {[%emt 0:02:11]} 24. Qxa5 {[%emt 0:11:41]} Nxe3 {[%emt 0:00:32]} 25. fxe3 {[%emt 0:00:10]} Qg5 {[%emt 0:00:18]} 26. Rc3 {[%emt 0:05:35]} h5 {[%emt 0:00:23]} 27. h3 {[%emt 0:06:09]} Ra8 {[%emt 0:00:54]} 28. Rxc8+ {[%emt 0:01:28]} Rxc8 {[%emt 0:00:02]} 29. Qd2 {[%emt 0:01:01]} Qxe5 {[%emt 0:00:50]} 30. Rc1 {[%emt 0:00:35]} Rb8 {[%emt 0:01:29]} 31. Qd4 {[%emt 0:01:46]} Qxd4 {[%emt 0:04:05]} 32. exd4 {[%emt 0:00:02]} Rxb2 {[%emt 0:00:09]} 33. Ra1 {[%emt 0:00:01]} Rd2 {[%emt 0:00:09]} 34. a5 {[%emt 0:01:07]} Rxd4 {[%emt 0:00:04]} 35. Kf2 {[%emt 0:00:22]} Kf8 {[%emt 0:00:16]} 36. Ke3 {[%emt 0:00:06]} Rd8 {[%emt 0:00:08]} 37. g4 {[%emt 0:01:49]} hxg4 {[%emt 0:00:06]} 38. hxg4 {[%emt 0:00:06]} Ke7 {[%emt 0:00:06]} 39. a6 {[%emt 0:01:18]} Ra8 {[%emt 0:00:06]} 40. g5 {[%emt 0:01:06]} Ra7 {[%emt 0:02:58]} 41. Ke4 {[%emt 0:10:01]} Kd6 {[%emt 0:00:23]} 42. Ra2 {[%emt 0:01:27]} f6 {[%emt 0:14:04]} 43. gxf6 {[%emt 0:01:33]} gxf6 {[%emt 0:00:02]} 44. Ra1 {[%emt 0:01:38]} Kc5 {[%emt 0:00:14]} 45. Rc1+ {[%emt 0:11:00]} Kb5 {[%emt 0:00:47]} 46. Rb1+ {[%emt 0:00:08]} Kxa6 {[%emt 0:00:25]} 47. Rd1 {[%emt 0:00:33]} Kb5 {[%emt 0:01:07]} 48. Rd8 {[%emt 0:01:03]} Kc5 {[%emt 0:00:28]} 49. Rf8 {[%emt 0:00:15]} Ra4+ {[%emt 0:00:12]} 50. Ke3 {[%emt 0:02:12]} f5 {[%emt 0:00:10]} 51. Rd8 {[%emt 0:00:28]} Re4+ {[%emt 0:00:46]} 52. Kd3 {[%emt 0:00:20]} Re5 {[%emt 0:01:58]} 53. Rc8+ {[%emt 0:00:12]} Kd6 {[%emt 0:00:06]} 54. Kd4 {[%emt 0:00:28]} Re4+ {[%emt 0:00:17]} 55. Kd3 {[%emt 0:00:08]} Ke5 {[%emt 0:00:04]} 56. Rh8 {[%emt 0:01:06]} Ra4 {[%emt 0:00:14]} 57. Rh6 {[%emt 0:00:26]} Kd5 {[%emt 0:00:17]} 58. Rh5 {[%emt 0:00:51]} Ra3+ {[%emt 0:00:07]} 59. Ke2 {[%emt 0:00:08]} Ke4 {[%emt 0:00:07]} 0-1

[Event "11th LCC FIDE Open 2019"]
[Site "London"]
[Date "2019.12.04"]
[Round "7.32"]
[White "McClement, Andrew"]
[Black "Marusenko, Petr"]
[Result "1/2-1/2"]
[WhiteElo "2226"]
[BlackElo "2085"]
[Annotator "NA"]
[PlyCount "61"]
[EventDate "2019.11.29"]
[EventType "swiss"]
[EventCountry "ENG"]
[SourceTitle "playchess.com"]
[Source "ChessBase"]
[SourceQuality "1"]
[TimeControl "40/5400+30:1800+30"]

1. Nf3 {[%emt 0:00:00]} d5 {[%emt 0:00:00]} 2. c4 {[%emt 0:00:00]} c6 {[%emt 0:00:00]} 3. g3 {[%emt 0:00:00]} Nf6 {[%emt 0:00:00]} 4. Bg2 {[%emt 0:00:00]} Bf5 {[%emt 0:00:00]} 5. cxd5 {[%emt 0:00:00]} cxd5 {[%emt 0:00:06]} 6. Qb3 {[%emt 0:00:07]} Qb6 {[%emt 0:00:14]} 7. Qxb6 {[%emt 0:00:28]} axb6 {[%emt 0:00:07]} 8. Nc3 {[%emt 0:00:07]} Nc6 {[%emt 0:08:25]} 9. O-O {[%emt 0:01:36]} e5 {[%emt 0:01:48]} 10. d3 {[%emt 0:01:24]} h6 {[%emt 0:02:55]} 11. Nb5 {[%emt 0:02:41]} Ra5 {[%emt 0:01:36]} 12. a4 {[%emt 0:00:06]} Bb4 {[%emt 0:00:45]} 13. Bd2 {[%emt 0:01:34]} Bxd2 {[%emt 0:00:26]} 14. Nd6+ {[%emt 0:05:02]} Kf8 {[%emt 0:08:44]} 15. Nxd2 {[%emt 0:00:10]} Nd4 {[%emt 0:02:25]} 16. Nxf5 {[%emt 0:00:54]} Nxf5 {[%emt 0:00:06]} 17. Rfc1 {[%emt 0:00:41]} Rc5 {[%emt 0:04:50]} 18. b4 {[%emt 0:07:16]} Rxc1+ {[%emt 0:01:52]} 19. Rxc1 {[%emt 0:00:02]} Nd6 {[%emt 0:00:09]} 20. Rc7 {[%emt 0:00:42]} Ke8 {[%emt 0:00:51]} 21. a5 {[%emt 0:05:26]} bxa5 {[%emt 0:02:15]} 22. bxa5 {[%emt 0:00:02]} Kd8 {[%emt 0:00:26]} 23. Rc5 {[%emt 0:00:14]} e4 {[%emt 0:02:07]} 24. dxe4 {[%emt 0:00:50]} dxe4 {[%emt 0:00:18]} 25. e3 {[%emt 0:02:11]} Re8 {[%emt 0:02:22]} 26. Kf1 {[%emt 0:02:08]} Re7 {[%emt 0:00:40]} 27. Ke2 {[%emt 0:05:17]} Rc7 {[%emt 0:04:14]} 28. Rxc7 {[%emt 0:00:05]} Kxc7 {[%emt 0:00:20]} 29. f3 {[%emt 0:00:04]} exf3+ {[%emt 0:04:31]} 30. Bxf3 {[%emt 0:00:02]} Nd7 {[%emt 0:00:17]} 31. Bd5 {[%emt 0:03:05]} 1/2-1/2

[Event "11th LCC FIDE Open 2019"]
[Site "London"]
[Date "2019.12.04"]
[Round "7.33"]
[White "Dong, Bao Nghia"]
[Black "Nilssen, Ellen Fredericia"]
[Result "1-0"]
[WhiteElo "2217"]
[BlackElo "2004"]
[Annotator "NA"]
[PlyCount "79"]
[EventDate "2019.11.29"]
[EventType "swiss"]
[EventCountry "ENG"]
[SourceTitle "playchess.com"]
[Source "ChessBase"]
[SourceQuality "1"]
[TimeControl "40/5400+30:1800+30"]

1. d4 {[%emt 0:00:08]} d5 {[%emt 0:00:00]} 2. c4 {[%emt 0:00:39]} e6 {[%emt 0:00:00]} 3. Nc3 {[%emt 0:00:04]} Nf6 {[%emt 0:00:00]} 4. Bg5 {[%emt 0:00:05]} Be7 {[%emt 0:00:07]} 5. e3 {[%emt 0:00:05]} a6 {[%emt 0:02:15]} 6. a4 {[%emt 0:00:25]} Nbd7 {[%emt 0:06:02]} 7. Nf3 {[%emt 0:00:54]} O-O {[%emt 0:00:59]} 8. cxd5 {[%emt 0:01:04]} exd5 {[%emt 0:02:03]} 9. Bd3 {[%emt 0:00:33]} c6 {[%emt 0:04:41]} 10. O-O {[%emt 0:01:10]} Re8 {[%emt 0:07:45]} 11. Qc2 {[%emt 0:00:16]} h6 {[%emt 0:00:58]} 12. Bh4 {[%emt 0:00:08]} Ne4 {[%emt 0:01:09]} 13. Bxe7 {[%emt 0:00:20]} Qxe7 {[%emt 0:00:05]} 14. Bxe4 {[%emt 0:00:15]} dxe4 {[%emt 0:00:07]} 15. Nd2 {[%emt 0:00:05]} Nf6 {[%emt 0:07:28]} 16. a5 {[%emt 0:00:38]} g6 {[%emt 0:16:46]} 17. Nc4 {[%emt 0:03:06]} Bf5 {[%emt 0:01:49]} 18. Nb6 {[%emt 0:05:15]} Rad8 {[%emt 0:01:31]} 19. Ra4 {[%emt 0:05:07]} Nh7 {[%emt 0:08:09]} 20. Rc4 {[%emt 0:03:20]} Ng5 {[%emt 0:01:08]} 21. Qe2 {[%emt 0:00:56]} h5 {[%emt 0:02:31]} 22. Rc1 {[%emt 0:08:58]} Bg4 {[%emt 0:01:22]} 23. Qf1 {[%emt 0:00:05]} h4 {[%emt 0:07:17]} 24. h3 {[%emt 0:04:42]} Be6 {[%emt 0:02:33]} 25. Rc5 {[%emt 0:00:21]} Kg7 {[%emt 0:04:05]} 26. b4 {[%emt 0:00:43]} Rh8 {[%emt 0:00:28]} 27. d5 {[%emt 0:00:00]} cxd5 {[%emt 0:01:52]} 28. Ncxd5 {[%emt 0:00:04]} Bxd5 {[%emt 0:05:43]} 29. Nxd5 {[%emt 0:00:27]} Qe5 {[%emt 0:00:15]} 30. Nf4 {[%emt 0:00:08]} Qf6 {[%emt 0:00:27]} 31. Qc4 {[%emt 0:00:42]} Rhe8 {[%emt 0:02:03]} 32. Nd5 {[%emt 0:02:06]} Qf5 {[%emt 0:00:57]} 33. Qc3+ {[%emt 0:00:21]} Re5 {[%emt 0:04:13]} 34. Ne7 {[%emt 0:04:50]} Nf3+ 35. gxf3 {[%emt 0:00:47]} Qg5+ {[%emt 0:04:58]} 36. Kh2 {[%emt 0:00:45]} f6 {[%emt 0:00:11]} 37. Rg1 {[%emt 0:01:31]} Qh5 {[%emt 0:01:59]} 38. Rxe5 {[%emt 0:00:35]} fxe5 {[%emt 0:00:19]} 39. Nxg6 {[%emt 0:00:34]} Kh6 {[%emt 0:01:03]} 40. Nxe5 {[%emt 0:00:52]} 1-0

[Event "11th LCC FIDE Open 2019"]
[Site "London"]
[Date "2019.12.04"]
[Round "7.34"]
[White "Rocco, Federico"]
[Black "Taylor, William J"]
[Result "1-0"]
[WhiteElo "2207"]
[BlackElo "1967"]
[Annotator "NA"]
[PlyCount "37"]
[EventDate "2019.11.29"]
[EventType "swiss"]
[EventCountry "ENG"]
[SourceTitle "playchess.com"]
[Source "ChessBase"]
[SourceQuality "1"]
[TimeControl "40/5400+30:1800+30"]

1. e4 {[%emt 0:00:00]} e5 {[%emt 0:00:00]} 2. Nf3 {[%emt 0:00:00]} Nf6 {[%emt 0:00:00]} 3. d4 {[%emt 0:00:00]} Nxe4 {[%emt 0:00:00]} 4. Bd3 {[%emt 0:00:00]} d5 {[%emt 0:00:05]} 5. dxe5 {[%emt 0:00:03]} Nc5 {[%emt 0:01:05]} 6. Nc3 {[%emt 0:02:59]} c6 {[%emt 0:00:41]} 7. O-O {[%emt 0:01:03]} Be7 {[%emt 0:02:16]} 8. Nd4 {[%emt 0:01:31]} O-O {[%emt 0:04:54]} 9. f4 {[%emt 0:03:04]} Nxd3 {[%emt 0:01:17]} 10. Qxd3 {[%emt 0:00:10]} f6 {[%emt 0:01:57]} 11. e6 {[%emt 0:06:48]} f5 {[%emt 0:01:08]} 12. Bd2 {[%emt 0:05:04]} Na6 {[%emt 0:12:43]} 13. Nxf5 {[%emt 0:08:35]} Bc5+ {[%emt 0:00:30]} 14. Kh1 {[%emt 0:00:48]} Bxe6 {[%emt 0:00:32]} 15. Nxg7 {[%emt 0:04:02]} Kxg7 {[%emt 0:04:09]} 16. f5 {[%emt 0:00:24]} Bf7 {[%emt 0:21:15]} 17. Qg3+ {[%emt 0:01:49]} Kh8 {[%emt 0:02:22]} 18. Qe5+ {[%emt 0:00:13]} Kg8 {[%emt 0:00:06]} 19. Bh6 {[%emt 0:00:27]} 1-0

[Event "11th LCC FIDE Open 2019"]
[Site "London"]
[Date "2019.12.04"]
[Round "7.35"]
[White "Ho, Conrad"]
[Black "Ogunshola, Olugbemiga (Ben)"]
[Result "0-1"]
[WhiteElo "2046"]
[BlackElo "2169"]
[Annotator "NA"]
[PlyCount "26"]
[EventDate "2019.11.29"]
[EventType "swiss"]
[EventCountry "ENG"]
[SourceTitle "playchess.com"]
[Source "ChessBase"]
[SourceQuality "1"]
[TimeControl "40/5400+30:1800+30"]

1. e4 {[%emt 0:30:26]} e5 {[%emt 0:00:06]} 2. Nf3 {[%emt 0:00:17]} Nc6 {[%emt 0:00:34]} 3. Nc3 {[%emt 0:00:29]} Nf6 {[%emt 0:00:52]} 4. d4 {[%emt 0:00:06]} Bb4 {[%emt 0:03:38]} 5. Nxe5 {[%emt 0:19:22]} Nxe4 {[%emt 0:07:23]} 6. Qe2 {[%emt 0:04:10]} Nxc3 {[%emt 0:00:28]} 7. bxc3 {[%emt 0:05:36]} Bxc3+ {[%emt 0:02:04]} 8. Bd2 {[%emt 0:05:41]} Nxd4 {[%emt 0:01:17]} 9. Qe4 {[%emt 0:01:52]} d5 {[%emt 0:05:01]} 10. Qf4 {[%emt 0:04:08]} Qf6 {[%emt 0:01:57]} 11. O-O-O {[%emt 0:04:33]} Bxd2+ {[%emt 0:02:49]} 12. Qxd2 {[%emt 0:00:05]} Nc6 {[%emt 0:00:52]} 13. Nxc6 {[%emt 0:07:39]} Qa1# {[%emt 0:00:19]} 0-1

[Event "11th LCC FIDE Open 2019"]
[Site "London"]
[Date "2019.12.04"]
[Round "7.36"]
[White "Osborne, Marcus E"]
[Black "Deaconu, Mihai-Ionut"]
[Result "0-1"]
[WhiteElo "2166"]
[BlackElo "1957"]
[Annotator "NA"]
[PlyCount "73"]
[EventDate "2019.11.29"]
[EventType "swiss"]
[EventCountry "ENG"]
[SourceTitle "playchess.com"]
[Source "ChessBase"]
[SourceQuality "1"]
[TimeControl "40/5400+30:1800+30"]

1. c4 {[%emt 0:00:08]} Nf6 {[%emt 0:01:16]} 2. Nc3 {[%emt 0:00:00]} g6 {[%emt 0:00:06]} 3. e4 {[%emt 0:00:00]} d6 {[%emt 0:00:08]} 4. d4 {[%emt 0:00:00]} Bg7 {[%emt 0:00:05]} 5. f3 {[%emt 0:00:00]} O-O {[%emt 0:00:06]} 6. Be3 {[%emt 0:00:00]} c5 {[%emt 0:00:04]} 7. Nge2 {[%emt 0:00:00]} Nc6 {[%emt 0:00:17]} 8. d5 {[%emt 0:00:10]} Ne5 {[%emt 0:00:06]} 9. Ng3 {[%emt 0:00:05]} h5 {[%emt 0:00:08]} 10. Be2 {[%emt 0:00:18]} h4 {[%emt 0:00:06]} 11. Nf1 {[%emt 0:00:04]} e6 {[%emt 0:00:06]} 12. Bg5 {[%emt 0:00:14]} h3 {[%emt 0:08:29]} 13. Ne3 {[%emt 0:04:14]} Qa5 {[%emt 0:22:35]} 14. g4 {[%emt 0:12:48]} exd5 {[%emt 0:04:10]} 15. cxd5 {[%emt 0:22:13]} b5 {[%emt 0:04:28]} 16. Qd2 {[%emt 0:00:56]} b4 {[%emt 0:13:21]} 17. Ncd1 {[%emt 0:00:07]} Ba6 {[%emt 0:00:28]} 18. Nf2 {[%emt 0:09:12]} Bxe2 {[%emt 0:03:02]} 19. Qxe2 {[%emt 0:00:19]} b3+ {[%emt 0:03:47]} 20. Kf1 {[%emt 0:00:14]} bxa2 {[%emt 0:03:35]} 21. Nxh3 {[%emt 0:05:20]} Rfb8 {[%emt 0:02:16]} 22. Nd1 {[%emt 0:11:44]} Rb3 {[%emt 0:10:38]} 23. Nc3 {[%emt 0:06:32]} Rab8 {[%emt 0:00:54]} 24. Rxa2 {[%emt 0:00:18]} Qc7 {[%emt 0:00:42]} 25. Nf2 {[%emt 0:02:08]} c4 {[%emt 0:00:19]} 26. h4 {[%emt 0:02:31]} Nfd7 {[%emt 0:02:24]} 27. h5 {[%emt 0:07:26]} Nd3 {[%emt 0:02:02]} 28. Nxd3 {[%emt 0:13:04]} cxd3 {[%emt 0:00:04]} 29. Qxd3 {[%emt 0:00:07]} Rxb2 {[%emt 0:00:46]} 30. Rxb2 {[%emt 0:00:07]} Rxb2 {[%emt 0:00:03]} 31. Ne2 {[%emt 0:00:39]} Nc5 {[%emt 0:03:52]} 32. Qe3 {[%emt 0:00:12]} Rb3 {[%emt 0:00:14]} 33. Qf2 {[%emt 0:00:39]} Nd3 {[%emt 0:04:03]} 34. Qh4 {[%emt 0:01:10]} Ne5 {[%emt 0:00:31]} 35. hxg6 {[%emt 0:01:49]} Rxf3+ {[%emt 0:00:27]} 36. Kg1 {[%emt 0:01:40]} fxg6 {[%emt 0:00:32]} 37. Qh7+ {[%emt 0:00:19]} 0-1

[Event "11th LCC FIDE Open 2019"]
[Site "London"]
[Date "2019.12.04"]
[Round "7.37"]
[White "Walker, Martin G"]
[Black "Korning, Peter"]
[Result "1/2-1/2"]
[WhiteElo "2162"]
[BlackElo "1957"]
[Annotator "NA"]
[PlyCount "81"]
[EventDate "2019.11.29"]
[EventType "swiss"]
[EventCountry "ENG"]
[SourceTitle "playchess.com"]
[Source "ChessBase"]
[SourceQuality "1"]
[TimeControl "40/5400+30:1800+30"]

1. e4 {[%emt 0:12:28]} e5 {[%emt 0:00:07]} 2. Nf3 {[%emt 0:00:13]} Nc6 {[%emt 0:00:04]} 3. Bb5 {[%emt 0:00:05]} a6 {[%emt 0:00:11]} 4. Ba4 {[%emt 0:00:05]} Nf6 {[%emt 0:00:10]} 5. O-O {[%emt 0:00:07]} Be7 {[%emt 0:00:19]} 6. Re1 {[%emt 0:00:08]} b5 {[%emt 0:00:15]} 7. Bb3 {[%emt 0:00:04]} O-O {[%emt 0:00:11]} 8. d4 {[%emt 0:01:51]} Nxd4 {[%emt 0:01:02]} 9. Bxf7+ {[%emt 0:04:05]} Rxf7 {[%emt 0:00:02]} 10. Nxe5 {[%emt 0:00:07]} Rf8 {[%emt 0:00:15]} 11. Qxd4 {[%emt 0:00:06]} Bb7 {[%emt 0:05:53]} 12. Nc3 {[%emt 0:12:59]} c5 {[%emt 0:09:45]} 13. Qd1 {[%emt 0:08:53]} b4 {[%emt 0:20:15]} 14. Nd5 {[%emt 0:00:07]} Nxd5 {[%emt 0:00:12]} 15. exd5 {[%emt 0:00:05]} Bd6 {[%emt 0:00:31]} 16. f4 {[%emt 0:30:39]} Qh4 {[%emt 0:11:24]} 17. g3 {[%emt 0:00:17]} Qh3 {[%emt 0:01:25]} 18. c4 {[%emt 0:04:51]} bxc3 {[%emt 0:10:16]} 19. bxc3 {[%emt 0:00:05]} c4 {[%emt 0:02:18]} 20. Nxc4 {[%emt 0:02:16]} Bc5+ {[%emt 0:02:12]} 21. Be3 {[%emt 0:00:08]} Rac8 {[%emt 0:00:51]} 22. Rb1 {[%emt 0:04:11]} Ba8 {[%emt 0:02:33]} 23. Ne5 {[%emt 0:03:17]} d6 {[%emt 0:02:20]} 24. Nc6 {[%emt 0:01:23]} Qd7 {[%emt 0:06:11]} 25. Bxc5 {[%emt 0:10:38]} Rxc6 {[%emt 0:00:46]} 26. Bb4 {[%emt 0:00:05]} a5 {[%emt 0:07:05]} 27. Qf3 {[%emt 0:07:12]} Rc4 {[%emt 0:03:26]} 28. Bxa5 {[%emt 0:01:09]} Rc5 {[%emt 0:02:11]} 29. Bb4 {[%emt 0:00:15]} Rxd5 {[%emt 0:01:04]} 30. Rbd1 {[%emt 0:00:24]} Rxd1 {[%emt 0:01:00]} 31. Qxd1 {[%emt 0:00:06]} Qc6 {[%emt 0:00:50]} 32. Kf2 {[%emt 0:03:06]} Qg2+ {[%emt 0:01:10]} 33. Ke3 {[%emt 0:00:05]} Re8+ {[%emt 0:01:59]} 34. Kd3 {[%emt 0:00:06]} Qd5+ {[%emt 0:01:48]} 35. Kc2 {[%emt 0:00:06]} Qxa2+ {[%emt 0:00:14]} 36. Kd3 {[%emt 0:00:14]} Qd5+ {[%emt 0:01:34]} 37. Kc2 {[%emt 0:00:06]} Qa2+ {[%emt 0:01:58]} 38. Kd3 {[%emt 0:00:05]} Qd5+ {[%emt 0:00:32]} 39. Kc2 {[%emt 0:00:06]} Qa2+ {[%emt 0:00:12]} 40. Kd3 {[%emt 0:00:05]} Qd5+ {[%emt 0:00:13]} 41. Kc2 {[%emt 0:00:05]} 1/2-1/2